[Event "Berks & Bucks Challengers op"]
[Site "Maidenhead"]
[Date "2022.08.27"]
[Round "2"]
[White "Plimley, Ben"]
[Black "O'Sullivan, Tim"]
[Result "0-1"]
[WhiteElo "1473"]
[BlackElo "1660"]
[PlyCount "68"]
[EventDate "2022.08.27"]
[EventType "swiss"]
[EventRounds "6"]
[EventCountry "ENG"]
[SourceTitle "EXT 2023"]
[Source "ChessBase"]
[SourceDate "2022.10.05"]
[SourceVersion "1"]
[SourceVersionDate "2022.10.05"]
[SourceQuality "1"]

1. e4 e5 2. f4 Nc6 3. Nf3 Bc5 4. c3 exf4 5. d4 Bb6 6. Bxf4 d5 7. exd5 Qxd5 8. Nbd2 Nf6 9. Bc4 Qd8 10. Qe2+ Qe7 11. Qxe7+ Nxe7 12. 0-0-0 0-0 13. h3 Ned5 14. Bg5 h6 15. Bxf6 Nxf6 16. Rde1 Bf5 17. g4 Bg6 18. g5 hxg5 19. Nxg5 Rad8 20. Nde4 Nxe4 21. Nxe4 Kh8 22. Ng5 Rd7 23. h4 c6 24. h5 Bf5 25. Rhf1 g6 26. hxg6 Bxg6 27. Rh1+ Kg7 28. Reg1 Kf6 29. Nh7+ Bxh7 30. Rxh7 Bd8 31. Rf1+ Kg6 32. Bd3+ Kg5 33. Rg7+ Kh6 34. Rg2 Bg5+ 0-1